Disputed Territories - Statistics

General Stats
  • This quiz has been taken 150 times
  • The average score is 15 of 15
Answer Stats
Territory Country that claims it % Correct
China
100%
Kashmir China
100%
Korea North Korea
99%
Crimea Russia
99%
South Korea
99%
United Kingdom
99%
Morocco
98%
Somalia
97%
Ukraine
97%
Falkland Islands Argentina
96%
India
96%
Israel
96%
Serbia
96%
Pakistan
95%
West Bank / Gaza Strip Palestine
95%
No matching quizzes found
Score Distribution
Percent of People with Each Score
Percentile by Number Answered
Your Score History
You have not taken this quiz